| 000 | 01152nam a22003377a 4500 | ||
|---|---|---|---|
| 003 | CHAP | ||
| 005 | 20250220091728.0 | ||
| 008 | 971013s1985 r 00010 d | ||
| 010 | _a17166 | ||
| 011 | _a18138 | ||
| 035 | _a22222 | ||
| 040 | _cCHAP | ||
| 082 |
_a633.2 _bJ5 1985 |
||
| 100 | 0 | 0 |
_aJiménez Merino, Alberto. _961593 |
| 245 | _aUtilización de praderas | ||
| 260 |
_aChapingo, Méx., : _bUACH. Departamento de Zootecnia, _c1985 |
||
| 300 |
_a85 h. _b; gráfs |
||
| 590 |
_aBATCH-UPD _b10 _c20130110 _lUCH01 _h0931 |
||
| 590 |
_aBATCH-UPD _b10 _c20130410 _lUCH01 _h0550 |
||
| 590 |
_aBATCH-UPD _b10 _c20130914 _lUCH01 _h1704 |
||
| 590 |
_aCONVERSION _b10 _c20130109 _lUCH01 _h1311 |
||
| 650 | 1 | 4 |
_aPastizales. _985916 |
| 650 | 1 | 4 |
_aPlantas forrajeras. _988943 |
| 650 | 1 | 4 |
_aPraderas. _991230 |
| 700 | 1 |
_aMartínez Hernández, Pedro Arturo _972165 |
|
| 901 | _aBK | ||
| 942 | _cLIBRO | ||
| 949 |
_a633.2 J5 1985 _bBC _cLIBRO _d33724000695748 _eLIBRO _fc.3 _h64811 _i22222 _mD _si |
||
| 949 |
_a633.2 J5 1985 _bBC _cLIBRO _d33724000942934 _eLIBRO _h64809 _i22222 _mD _si |
||
| 949 |
_a633.2 J5 1985 _bBC _cUACH _d33724000214508 _eUACH _fc.2 _h64810 _i22222 _mD _sb |
||
| 999 |
_c17166 _d17166 |
||